Т. 2; Международный транслятор современных сталей и сплавов. Россия, США, европейские страны, Япония

Bibliographische Detailangaben
Parent link:Международный транслятор современных сталей и сплавов. Россия, США, европейские страны, Япония/ под ред. В. С. Кершенбаума. Т. 2.— , 1992-1995
Sprache:Russisch
Veröffentlicht: 1992
Schlagworte:
Format: Buch
KOHA link:https://koha.lib.tpu.ru/cgi-bin/koha/opac-detail.pl?biblionumber=44549

MARC

LEADER 00000nam2a2200000 4500
001 44549
005 20231031022355.0
035 |a (RuTPU)RU\TPU\book\46267 
090 |a 44549 
100 |a 20021121d1992 k y0rusy50 ca 
101 0 |a rus 
102 |a RU 
105 |a y fg 000zy 
200 0 |a Т. 2 
210 |d 1992 
215 |a 555 с. 
461 1 |0 (RuTPU)RU\TPU\book\47466  |t Международный транслятор современных сталей и сплавов. Россия, США, европейские страны, Япония  |f под ред. В. С. Кершенбаума  |v Т. 2  |d 1992-1995  |s Международная инженерная энциклопедия 
610 1 |a металлургия 
610 1 |a стали 
610 1 |a сплавы 
610 1 |a маркировка 
610 1 |a Россия 
610 1 |a США 
610 1 |a Европа 
610 1 |a Япония 
610 1 |a термины 
610 1 |a трансляторы 
610 1 |a энциклопедии 
675 |a 669.018(03)  |v 3 
801 1 |a RU  |b 63413507  |c 20021121  |g PSBO 
801 2 |a RU  |b 63413507  |c 20120609  |g PSBO 
942 |c BK